000 00406nam a2200157Ia 4500
008 151213s9999 xx 000 0 und d
100 _aWilliam Stallings
245 _aComputer Organization Architecture
_cWilliam Stallings
250 _a7th
260 _aNew Delhi
_bPrentic Hall
_c2006
300 _a8254 p.
650 _aComputer
650 _aComputer
700 _aWilliam Stallings
999 _c4133
_d4133